| 000 | 01085cam a2200313 a 4500 | ||
|---|---|---|---|
| 001 | 17454673 | ||
| 003 | NUST | ||
| 005 | 20220301144619.0 | ||
| 008 | 120906s2013 enka b 001 0 eng | ||
| 010 | _a 2012028115 | ||
| 020 | _a9780521873024 (hardback) | ||
| 038 | _awaseem | ||
| 040 |
_aDLC _cDLC _dDLC |
||
| 042 | _apcc | ||
| 050 | 0 | 0 |
_aTK7874.78 _b.V648 2013 |
| 082 | 0 | 0 |
_a621.3841/2 _bVOI |
| 100 | 1 |
_aVoinigescu, Sorin. _990086 |
|
| 245 | 1 | 0 |
_aHigh-frequency integrated circuits / _cSorin Voinigescu. |
| 260 |
_aU.K. ; _aNew York : _bCambridge University Press, _c2013. |
||
| 300 |
_axviii, 902 p. : _bill. ; _c26 cm. |
||
| 490 | 0 | _aCambridge RF and microwave engineering series | |
| 504 | _aIncludes bibliographical references and index. | ||
| 563 | _aHBK. | ||
| 650 | 0 |
_aRadio frequency integrated circuits. _990087 |
|
| 650 | 0 |
_aVery high speed integrated circuits. _990088 |
|
| 906 |
_a7 _bcbc _corignew _d1 _eecip _f20 _gy-gencatlg |
||
| 942 |
_2ddc _cBK |
||
| 999 |
_c588488 _d588488 |
||